000 00622nam a2200217Ia 4500
003 OSt
005 20230425124952.0
008 210423s2011 xx 000 0 und d
020 _a8124201706
040 _cAL
041 _aeng
082 _a658.15
_223
_bALLD
100 _aALLEN (David).
_992625
245 _aArt and science of financial management: strategic financial decisions V3.
260 _aNew Delhi
_bCrest Publishing House
_c2011
300 _axii,144
_bPB
365 _b1142
_cINR
440 _v3
906 _aArt ; decisions ; financial ; management: ; science ; strategic ; V3.
942 _2ddc
_cBK
999 _c161024
_d161024